000 00335nam a2200097Ia 4500
008 220120s9999||||xx |||||||||||||| ||und||
100 _aMuthamma, Spoorthi and Shobha
_912464
245 0 _aRemote controlled wheel chair for handicapped
260 _aCoorg Institute of Technology
_bPonnampet
_c2013
650 _aELECTRONICS AND COMMUNICATIONS
999 _c138051
_d138051